<?xml version="1.0" encoding="UTF-8"?><?xml-stylesheet type="text/xsl" href="static/style.xsl"?><OAI-PMH xmlns="http://www.openarchives.org/OAI/2.0/" xmlns:xsi="http://www.w3.org/2001/XMLSchema-instance" xsi:schemaLocation="http://www.openarchives.org/OAI/2.0/ http://www.openarchives.org/OAI/2.0/OAI-PMH.xsd"><responseDate>2026-04-18T04:15:52Z</responseDate><request verb="GetRecord" identifier="oai:www.recercat.cat:10230/69128" metadataPrefix="marc">https://recercat.cat/oai/request</request><GetRecord><record><header><identifier>oai:recercat.cat:10230/69128</identifier><datestamp>2025-12-18T01:13:43Z</datestamp><setSpec>com_2072_6</setSpec><setSpec>col_2072_452952</setSpec></header><metadata><record xmlns="http://www.loc.gov/MARC21/slim" xmlns:dcterms="http://purl.org/dc/terms/" xmlns:xsi="http://www.w3.org/2001/XMLSchema-instance" xmlns:doc="http://www.lyncode.com/xoai" xsi:schemaLocation="http://www.loc.gov/MARC21/slim http://www.loc.gov/standards/marcxml/schema/MARC21slim.xsd">
   <leader>00925njm 22002777a 4500</leader>
   <datafield ind2=" " ind1=" " tag="042">
      <subfield code="a">dc</subfield>
   </datafield>
   <datafield ind2=" " ind1=" " tag="720">
      <subfield code="a">Ruscio, Ayelet Meron</subfield>
      <subfield code="e">author</subfield>
   </datafield>
   <datafield ind2=" " ind1=" " tag="720">
      <subfield code="a">Alonso Caballero, Jordi</subfield>
      <subfield code="e">author</subfield>
   </datafield>
   <datafield ind2=" " ind1=" " tag="720">
      <subfield code="a">World Mental Health Survey collaborators</subfield>
      <subfield code="e">author</subfield>
   </datafield>
   <datafield ind2=" " ind1=" " tag="260">
      <subfield code="c">2025-01-15T07:24:08Z</subfield>
   </datafield>
   <datafield ind2=" " ind1=" " tag="260">
      <subfield code="c">2025-01-15T07:24:08Z</subfield>
   </datafield>
   <datafield ind2=" " ind1=" " tag="260">
      <subfield code="c">2024</subfield>
   </datafield>
   <datafield ind2=" " ind1=" " tag="520">
      <subfield code="a">Background: Around the world, people living in objectively difficult circumstances who experience symptoms of generalized anxiety disorder (GAD) do not qualify for a diagnosis because their worry is not &amp;apos;excessive&amp;apos; relative to the context. We carried out the first large-scale, cross-national study to explore the implications of removing this excessiveness requirement. Methods: Data come from the World Health Organization World Mental Health Survey Initiative. A total of 133 614 adults from 12 surveys in Low- or Middle-Income Countries (LMICs) and 16 surveys in High-Income Countries (HICs) were assessed with the Composite International Diagnostic Interview. Non-excessive worriers meeting all other DSM-5 criteria for GAD were compared to respondents meeting all criteria for GAD, and to respondents without GAD, on clinically-relevant correlates. Results: Removing the excessiveness requirement increases the global lifetime prevalence of GAD from 2.6% to 4.0%, with larger increases in LMICs than HICs. Non-excessive and excessive GAD cases worry about many of the same things, although non-excessive cases worry more about health/welfare of loved ones, and less about personal or non-specific concerns, than excessive cases. Non-excessive cases closely resemble excessive cases in socio-demographic characteristics, family history of GAD, and risk of temporally secondary comorbidity and suicidality. Although non-excessive cases are less severe on average, they report impairment comparable to excessive cases and often seek treatment for GAD symptoms. Conclusions: Individuals with non-excessive worry who meet all other DSM-5 criteria for GAD are clinically significant cases. Eliminating the excessiveness requirement would lead to a more defensible GAD diagnosis.</subfield>
   </datafield>
   <datafield tag="653" ind2=" " ind1=" ">
      <subfield code="a">Classification</subfield>
   </datafield>
   <datafield tag="653" ind2=" " ind1=" ">
      <subfield code="a">Diagnosis</subfield>
   </datafield>
   <datafield tag="653" ind2=" " ind1=" ">
      <subfield code="a">Epidemiology</subfield>
   </datafield>
   <datafield tag="653" ind2=" " ind1=" ">
      <subfield code="a">Generalized anxiety disorder</subfield>
   </datafield>
   <datafield tag="653" ind2=" " ind1=" ">
      <subfield code="a">Global mental health</subfield>
   </datafield>
   <datafield tag="653" ind2=" " ind1=" ">
      <subfield code="a">Worry</subfield>
   </datafield>
   <datafield ind2="0" ind1="0" tag="245">
      <subfield code="a">The case for eliminating excessive worry as a requirement for generalized anxiety disorder: a cross-national investigation</subfield>
   </datafield>
</record></metadata></record></GetRecord></OAI-PMH>